Robustné riadenie diskrétnych dynamických systémov
Uložené v:
| Hlavný autor: | |
|---|---|
| Médium: | Rukopis Kniha |
| Jazyk: | Slovak |
| Vydavateľské údaje: |
Bratislava :
STU v Bratislave FEI,
2005
|
| Predmet: | |
| Tagy: |
Žiadne tagy, Buďte prvý, kto otaguje tento záznam!
|
MARC
| LEADER | 00000ntm a22000003a 4500 | ||
|---|---|---|---|
| 001 | stu115194 | ||
| 005 | 20160526124245.3 | ||
| 008 | 060327s2005----xo------------------slo-d | ||
| 040 | |a STU |b slo | ||
| 041 | 0 | |a slo | |
| 044 | |a xo | ||
| 100 | 1 | |a Rosinová, Danica |4 aut |u E010 |9 100 |T FEI Ústav riadenia a priemyselnej informatiky |X 4938 |U E010 |Y E010 |7 A000004938 | |
| 245 | 1 | |a Robustné riadenie diskrétnych dynamických systémov | |
| 260 | |a Bratislava : |b STU v Bratislave FEI, |c 2005 | ||
| 300 | |a 61 s |c príl. | ||
| 650 | 7 | |a robustné riadenie |2 stusub | |
| 650 | 7 | |a dynamické systémy |2 stusub | |
| 996 | |b 284ED01111 |c E*HABIL-206 |l EE01 |s A |a 24 |w stu115194_0001 | ||